| 000 | 00756nam a2200181 a 4500 | ||
|---|---|---|---|
| 001 | 000041449 | ||
| 005 | 20201002034911.0 | ||
| 008 | 131007s2002 ir ab 001 0 eng d | ||
| 020 | _a9649449140 | ||
| 040 |
_aDO-SdBNP _beng _cBNPHU |
||
| 100 | 1 |
_aÃyatollãhi, Habibollãh, _d1313- _968119 |
|
| 245 | 1 | 0 |
_aThe book of Iran : _bthe history of Iranian art / _cHabibollãh Ãyatollhi ; editor Zhklin Haghshenãs, traducción Shermin Haghshenãs. |
| 260 |
_aTehran, Republica de Iran : _bCenter for international cultural studies, _c2002. |
||
| 300 |
_a362 p. : _bil., map. ; _c24 cm. |
||
| 504 | _aIncluye referencias bibliográficas y notas al pie de las páginas | ||
| 700 | 1 |
_aHaghshenãs, Zhãklin, _eed. _968120 |
|
| 700 | 1 |
_aHaghshenãs, Shermin, _etr. _968121 |
|
| 999 |
_c40939 _d40939 |
||